header

The shadow of a dream (Record no. 19344)

MARC details
000 -LEADER
fixed length control field 01224nam a2200301Ia 4500
100 1# - MAIN ENTRY--AUTHOR NAME
Personal name Coclanis, Peter A.,
245 14 - TITLE STATEMENT
Title The shadow of a dream
260 ## - PUBLICATION, DISTRIBUTION, ETC. (IMPRINT)
Place of publication New York :
Name of publisher Oxford University Press,
Year of publication c1989.
300 ## - PHYSICAL DESCRIPTION
Number of Pages ix, 370 p.
650 #0 - SUBJECT ADDED ENTRY--TOPICAL TERM
Topical Term Economic history.
856 40 - ELECTRONIC LOCATION AND ACCESS
Uniform Resource Identifier http://site.ebrary.com/lib/rucke/Doc?id=10279430

No items available.

© 2026 Rongo University
Contact us: librarian | system librarian | Rongo university